| 000 | 00423nam a2200169 a 4500 | ||
|---|---|---|---|
| 020 | _a0875813712 | ||
| 040 | _cDLC | ||
| 082 | 0 | 0 | _a302 PUB 1994 A016 Or. |
| 245 | 0 | 0 | _aTheories of deviance / |
| 250 | _a4th ed. | ||
| 260 |
_aItasca, Ill. : _bF.E. Peacock Publishers, _cc1994. |
||
| 300 |
_ax, 618 p. ; _c23 cm. |
||
| 650 | 0 | _aDeviant behavior. | |
| 700 | 1 | _aTraub, Stuart H. | |
| 700 | 1 | _aLittle, Craig B. | |
| 942 | _cEK | ||
| 999 |
_c11632 _d11632 |
||